Une famille pendant la guerre (Record no. 34744)

MARC details
000 -LEADER
campo de control de longitud fija 00503nam a2200169 i 4500
001 - NÚMERO DE CONTROL
campo de control 34744
003 - IDENTIFICADOR DE NÚMERO DE CONTROL
campo de control ES-MaACL
005 - FECHA Y HORA DE LA ÚLTIMA TRANSACCIÓN
campo de control 20230906155004.0
007 - CAMPO FIJO DE DESCRIPCIÓN FÍSICA--INFORMACIÓN GENERAL
campo de control de longitud fija t|
008 - DATOS DE LONGITUD FIJA--INFORMACIÓN GENERAL
campo de control de longitud fija 030207s1873 fr ||||1| fre d
100 1# - ENTRADA PRINCIPAL--NOMBRE DE PERSONA
Nombre de persona Boissonnas, B.
9 (RLIN) 29876
245 14 - MENCIÓN DEL TÍTULO
Título Une famille pendant la guerre
Resto del título : 1870-1871 /
Mención de responsabilidad, etc. B. Boissonnas.
260 ## - PUBLICACIÓN, DISTRIBUCIÓN, ETC.
Lugar de publicación, distribución, etc. Paris :
Nombre del editor, distribuidor, etc. J. Hetzel et Cie,
Fecha de publicación, distribución, etc. 1873 (
Fabricante J. Claye)
300 ## - DESCRIPCIÓN FÍSICA
Extensión III, 321 p. ;
Dimensiones 19 cm.
650 #4 - PUNTO DE ACCESO ADICIONAL DE MATERIA--TÉRMINO DE MATERIA
Término de materia o nombre geográfico como elemento de entrada Guerra franco-prusiana, 1870-1871.
9 (RLIN) 136210
852 ## - LOCALIZACIÓN
Ubicación ES-MaACL
Número de control de estantería C-2690
Holdings
Estatus retirado Estado de pérdida Estado de daño No para préstamo Colección Biblioteca de origen Biblioteca actual Ubicación en estantería Fecha de adquisición Fuente de adquisición Total de préstamos Signatura topográfica completa Código de barras Visto por última vez Precio de reemplazo Tipo de ítem Koha
        Libros del s. XIX Biblioteca del Ateneo de Madrid Biblioteca del Ateneo de Madrid Sala Palomar 17/01/2008     C-2690 1036258 23/02/2023 23/02/2023 Libro impreso antiguo